[Event "Panamericano por Equipos 2009"]
[Site "Mendes BRA"]
[Date "2009.08.12"]
[Round "4.23"]
[White "Sequera Paolini, Jose"]
[Black "Castano, Duvan Martin"]
[Result "1-0"]
[WhiteElo "2398"]
[BlackElo "2337"]
[PlyCount "89"]
[EventDate "2009.08.09"]
[EventType "team"]
[EventRounds "5"]
[EventCountry "BRA"]
[Source "lmi"]
[SourceDate "2009.08.09"]

1. f4 g6 2. Nf3 d5 3. g3 Bg7 4. Bg2 Nf6 5. O-O b6 6. d3 Bb7 7. c3 O-O 8. Na3 c5
9. Nc2 Nc6 10. Qe1 Qc7 11. h3 e5 12. fxe5 Nxe5 13. Qf2 Rae8 14. Nxe5 Qxe5 15.
Bf4 Qe6 16. g4 Qd7 17. Bf3 h6 18. a4 Nh7 19. a5 Ng5 20. Bxg5 hxg5 21. axb6 axb6
22. Ra7 Be5 23. Ne3 Bb8 24. Nxd5 Re6 25. Rxb7 Qxb7 26. Nf6+ Rxf6 27. Bxb7 Rxf2
28. Kxf2 f5 29. Bf3 Rd8 30. gxf5 gxf5 31. Rg1 g4 32. hxg4 f4 33. g5 Kg7 34. Be4
Rh8 35. Kf3 Rh3+ 36. Kg4 Re3 37. Bf3 Re8 38. Rh1 Re3 39. Rh6 Bc7 40. Be4 Bd8
41. Rh7+ Kf8 42. g6 Rg3+ 43. Kxf4 Rg1 44. Ke5 b5 45. Kd6 1-0

[Event "Panamericano por Equipos 2009"]
[Site "Mendes BRA"]
[Date "2009.08.12"]
[Round "4.24"]
[White "Ramirez, Carlos"]
[Black "Boada, Wiston"]
[Result "1-0"]
[WhiteElo "2268"]
[BlackElo "2252"]
[PlyCount "135"]
[EventDate "2009.08.09"]
[EventType "team"]
[EventRounds "5"]
[EventCountry "BRA"]
[Source "lmi"]
[SourceDate "2009.08.09"]

1. d4 Nf6 2. c4 c5 3. d5 b5 4. cxb5 a6 5. bxa6 g6 6. g3 Bg7 7. Bg2 d6 8. Nc3
O-O 9. Nf3 Qb6 10. O-O Bxa6 11. Qc2 Nbd7 12. Rb1 Rfb8 13. h3 Bc4 14. Nd2 Ba6
15. b3 Qa5 16. Bb2 Ne5 17. a3 Rb7 18. Rfe1 Rab8 19. Nd1 Ne8 20. Bc3 Qc7 21. Ne3
Ra7 22. a4 Rab7 23. Kh2 h5 24. f4 Nd7 25. Nec4 Bxc4 26. Nxc4 Bxc3 27. Qxc3 Nb6
28. Nd2 c4 29. a5 Nd7 30. b4 Rb5 31. Nxc4 Nef6 32. e4 Qa7 33. Na3 R5b7 34. b5
h4 35. g4 Qf2 36. Rf1 Nxe4 37. Rxf2 Nxc3 38. Rb3 Na4 39. Bf1 Nac5 40. Rb4 Ra8
41. Nc4 Nf6 42. Rd2 Nfe4 43. Rc2 Nf6 44. Rbb2 Kg7 45. b6 Rbb8 46. Ra2 Na6 47.
Rcb2 Ne4 48. Ne3 Nec5 49. Nc2 Nb7 50. Bb5 Nxa5 51. Rxa5 Rxb6 52. Nb4 Nc7 53.
Rxa8 Nxa8 54. Bc6 Nc7 55. Nd3 Ra6 56. Rb7 Ra2+ 57. Kg1 Na6 58. Rxe7 Ra1+ 59.
Kf2 Ra2+ 60. Kf3 Ra3 61. Re3 Ra2 62. g5 Ra3 63. Nf2 Ra1 64. Ng4 Rf1+ 65. Nf2
Nc5 66. Kg2 Rc1 67. Ne4 Na6 68. Nxd6 1-0

[Event "Panamericano por Equipos 2009"]
[Site "Mendes BRA"]
[Date "2009.08.12"]
[Round "4.31"]
[White "Flores, Diego"]
[Black "Vescovi, Giovanni"]
[Result "1/2-1/2"]
[WhiteElo "2587"]
[BlackElo "2631"]
[PlyCount "44"]
[EventDate "2009.08.09"]
[EventType "team"]
[EventRounds "5"]
[EventCountry "BRA"]
[Source "lmi"]
[SourceDate "2009.08.09"]

1. c4 c5 2. Nc3 Nf6 3. g3 e6 4. Nf3 b6 5. Bg2 Bb7 6. O-O Be7 7. d4 cxd4 8. Qxd4
O-O 9. Bf4 Nc6 10. Qd2 Na5 11. b3 d5 12. cxd5 Nxd5 13. Nxd5 Qxd5 14. Rac1 Rac8
15. Qxd5 Bxd5 16. Nd4 Bxg2 17. Kxg2 a6 18. Rxc8 Rxc8 19. Rc1 Rxc1 20. Bxc1 Bc5
21. Bb2 Bxd4 22. Bxd4 b5 1/2-1/2

[Event "Panamericano por Equipos 2009"]
[Site "Mendes BRA"]
[Date "2009.08.12"]
[Round "4.32"]
[White "Leitao, Rafael"]
[Black "Alonso, Salvador"]
[Result "1/2-1/2"]
[WhiteElo "2610"]
[BlackElo "2517"]
[PlyCount "56"]
[EventDate "2009.08.09"]
[EventType "team"]
[EventRounds "5"]
[EventCountry "BRA"]
[Source "lmi"]
[SourceDate "2009.08.09"]

1. d4 d5 2. c4 c6 3. Nc3 Nf6 4. e3 g6 5. Nf3 Bg7 6. Be2 O-O 7. O-O e6 8. b4
Nbd7 9. Ba3 Re8 10. b5 e5 11. bxc6 bxc6 12. Bd6 Ne4 13. Nxe4 dxe4 14. Nxe5 Nxe5
15. dxe5 Qg5 16. f4 exf3 17. Bxf3 Bxe5 18. Bxe5 Rxe5 19. Bxc6 Rb8 20. e4 Be6
21. Bd5 Qe3+ 22. Kh1 Bxd5 23. exd5 Rb2 24. d6 Qe4 25. Qf3 Qxf3 26. gxf3 Ree2
27. Rfd1 Rxh2+ 28. Kg1 Rhg2+ 1/2-1/2

[Event "Panamericano por Equipos 2009"]
[Site "Mendes BRA"]
[Date "2009.08.12"]
[Round "4.34"]
[White "Milos, Gilberto"]
[Black "Perdomo, Leandro"]
[Result "1-0"]
[WhiteElo "2589"]
[BlackElo "2409"]
[PlyCount "117"]
[EventDate "2009.08.09"]
[EventType "team"]
[EventRounds "5"]
[EventCountry "BRA"]
[Source "lmi"]
[SourceDate "2009.08.09"]

1. e4 e5 2. Nf3 Nc6 3. Bb5 a6 4. Ba4 Nf6 5. O-O Be7 6. Re1 b5 7. Bb3 d6 8. c3
O-O 9. h3 Na5 10. Bc2 c5 11. d4 Qc7 12. Nbd2 cxd4 13. cxd4 Bb7 14. d5 Bc8 15.
b3 Bd7 16. Nf1 Nb7 17. Be3 Rfc8 18. Rc1 b4 19. Qd2 a5 20. Bd3 Nc5 21. Bxc5 dxc5
22. Ne3 Ne8 23. Qe2 Qb8 24. Nc4 f6 25. Nfd2 a4 26. Qe3 Bb5 27. Nb2 Bd7 28. Be2
axb3 29. axb3 Nc7 30. Rb1 Bb5 31. Bc4 Bd6 32. Nd3 Ra3 33. Qe2 Qa7 34. Rbd1 Bd7
35. Qe3 Ra2 36. Rc1 Ra8 37. Red1 Re8 38. Kh2 Rf8 39. g3 Rc8 40. Kg2 Bb5 41.
Bxb5 Nxb5 42. Nxb4 Rb2 43. Nc4 cxb4 44. Qxa7 Nxa7 45. Nxb2 Rd8 46. Nc4 Bf8 47.
f4 Nb5 48. fxe5 fxe5 49. Nxe5 Re8 50. Nd7 Nc3 51. Nxf8 Nxd1 52. Rxd1 Kxf8 53.
Rd4 Rb8 54. Kf3 Ke7 55. e5 Rf8+ 56. Rf4 Rb8 57. Rd4 Kd7 58. Ke4 Rb5 59. e6+ 1-0

[Event "Panamericano por Equipos 2009"]
[Site "Mendes BRA"]
[Date "2009.08.13"]
[Round "5.13"]
[White "Fier, Alexandr"]
[Black "Corrales Jimenez, Fidel"]
[Result "1/2-1/2"]
[WhiteElo "2604"]
[BlackElo "2602"]
[PlyCount "158"]
[EventDate "2009.08.09"]
[EventType "team"]
[EventRounds "5"]
[EventCountry "BRA"]
[Source "lmi"]
[SourceDate "2009.08.09"]

1. d4 Nf6 2. c4 e6 3. Nf3 d5 4. Nc3 Bb4 5. cxd5 exd5 6. Bg5 Nbd7 7. e3 c5 8.
Bd3 Qa5 9. Qc2 O-O 10. O-O c4 11. Bf5 Re8 12. Nd2 g6 13. Bxd7 Nxd7 14. f3 f6
15. Bh6 Nb6 16. e4 Bxc3 17. bxc3 Na4 18. Rac1 Be6 19. h4 b5 20. h5 Bf7 21. exd5
Nb6 22. d6 Nd5 23. Ne4 Qd8 24. Qf2 g5 25. Qg3 Bxh5 26. d7 Qxd7 27. Nxf6+ Nxf6
28. Qxg5+ Bg6 29. Qxf6 Re6 30. Qg5 b4 31. d5 Rd6 32. cxb4 Rxd5 33. Qf4 Rd4 34.
Qf6 Rd6 35. Qf4 Rd4 36. Qg3 Rc8 37. Be3 Rd3 38. Bc5 c3 39. Rfe1 a5 40. a3 axb4
41. axb4 Qd5 42. Re5 Qc4 43. Rce1 Rdd8 44. R5e4 Rxc5 45. Rxc4 Rxc4 46. Qg5 Rcd4
47. Re6 R4d6 48. Rxg6+ hxg6 49. Qc5 R6d7 50. Qxc3 Kh7 51. Qc6 Rg7 52. Qb6 Rgd7
53. b5 Rd6 54. Qc7+ R6d7 55. Qh2+ Kg7 56. Qe5+ Kh7 57. Qf4 Kg7 58. Kh2 Rb7 59.
Qe5+ Kh7 60. g4 Rdb8 61. g5 Rb6 62. Kg3 R6b7 63. Qd4 Rxb5 64. Qh4+ Kg8 65. Qh6
R5b6 66. Qh3 R8b7 67. Qc8+ Kh7 68. Qf8 Re6 69. Kg4 Rbe7 70. f4 Re8 71. Qf7+ Kh8
72. Qa7 R8e7 73. Qc5 Kh7 74. Qc2 Re8 75. Qd3 R8e7 76. Qh3+ Kg7 77. Qc3+ Kh7 78.
Qd3 Re8 79. Kf3 R8e7 1/2-1/2

[Event "Panamericano por Equipos 2009"]
[Site "Mendes BRA"]
[Date "2009.08.13"]
[Round "5.23"]
[White "Zuluaga, Cesar"]
[Black "Tristan, Leonardo"]
[Result "0-1"]
[WhiteElo "2314"]
[BlackElo "2402"]
[PlyCount "110"]
[EventDate "2009.08.09"]
[EventType "team"]
[EventRounds "5"]
[EventCountry "BRA"]
[Source "lmi"]
[SourceDate "2009.08.09"]

1. d4 d6 2. Nf3 f5 3. c4 Nf6 4. Nc3 g6 5. g3 Bg7 6. Bg2 O-O 7. O-O Nc6 8. d5
Na5 9. Nd2 c5 10. Qc2 e5 11. a3 b6 12. b4 Nb7 13. Bb2 Bd7 14. Rfc1 Qe7 15. b5
Bh6 16. e3 Na5 17. Ne2 Rae8 18. Nb3 Nxb3 19. Qxb3 g5 20. Re1 Qf7 21. f3 Re7 22.
Rf1 Rfe8 23. Rae1 f4 24. e4 Qh5 25. g4 Nxg4 26. fxg4 Bxg4 27. Nc1 Rf8 28. h3
Bc8 29. Rf3 Rg7 30. Kf1 g4 31. hxg4 Bxg4 32. Ne2 Qh2 33. Rc1 Bg5 34. Ng1 Bh4
35. Rc2 Bxf3 36. Nxf3 Qg3 37. Bc3 Qg4 38. Be1 Bg3 39. Bxg3 fxg3 40. Qe3 h5 41.
Ke1 Rf4 42. Ng1 Qg5 43. Re2 Qf6 44. Nh3 h4 45. Kd2 Rf7 46. Kd3 Qg7 47. Kc2 Qg4
48. Kd2 Kh7 49. a4 Kg6 50. Qd3 Rf3 51. Re3 R3f4 52. Re2 R7f6 53. Ke1 Rf3 54.
Re3 Rf2 55. Nxf2 Rxf2 0-1

[Event "Panamericano por Equipos 2009"]
[Site "Mendes BRA"]
[Date "2009.08.13"]
[Round "5.24"]
[White "Perdomo, Leandro"]
[Black "Ramirez, Carlos"]
[Result "0-1"]
[WhiteElo "2409"]
[BlackElo "2268"]
[PlyCount "94"]
[EventDate "2009.08.09"]
[EventType "team"]
[EventRounds "5"]
[EventCountry "BRA"]
[Source "lmi"]
[SourceDate "2009.08.09"]

1. d4 Nf6 2. c4 g6 3. Nc3 Bg7 4. e4 d6 5. f3 O-O 6. Be3 e5 7. Nge2 c6 8. Qd2
Nbd7 9. O-O-O a6 10. Kb1 b5 11. c5 d5 12. dxe5 Nxe5 13. Bd4 Nc4 14. Qc2 dxe4
15. Ng3 exf3 16. gxf3 Be6 17. Bxc4 bxc4 18. Nce4 Nxe4 19. Bxg7 Nxg3 20. Rxd8
Rfxd8 21. hxg3 Bf5 22. Qxf5 gxf5 23. Be5 Rd3 24. Rh5 f6 25. Bxf6 Rxf3 26. Be5
Re8 27. Bc3 Re6 28. a4 h6 29. Ka2 Kh7 30. Ka3 Kg6 31. Rh1 Rxg3 32. Kb4 f4 33.
Ka5 f3 34. Rf1 Kf5 35. Kxa6 h5 36. Kb7 h4 37. Be1 Rg7+ 38. Kb6 Rxe1 39. Rxe1
Kf4 40. Rh1 Rh7 41. a5 f2 42. a6 Kg3 43. a7 Rxa7 44. Kxa7 h3 45. Kb7 Kg2 46.
Rc1 h2 47. Kxc6 f1=Q 0-1

[Event "Panamericano por Equipos 2009"]
[Site "Mendes BRA"]
[Date "2009.08.13"]
[Round "5.32"]
[White "Alvarez, Marquez Johann"]
[Black "Puntier, William"]
[Result "1/2-1/2"]
[WhiteElo "2431"]
[BlackElo "2291"]
[PlyCount "84"]
[EventDate "2009.08.09"]
[EventType "team"]
[EventRounds "5"]
[EventCountry "BRA"]
[Source "lmi"]
[SourceDate "2009.08.09"]

1. d4 Nf6 2. Nf3 c5 3. e3 g6 4. c4 Bg7 5. Nc3 O-O 6. Be2 d6 7. O-O Nc6 8. d5
Ne5 9. Nxe5 dxe5 10. e4 Ne8 11. Be3 b6 12. a3 f5 13. f3 Nd6 14. b4 Ba6 15. bxc5
Nxc4 16. Bf2 Qc8 17. Qa4 Na5 18. Bxa6 Qxa6 19. Nb5 Qc8 20. cxb6 axb6 21. Rfc1
Nb7 22. Qb3 Nc5 23. Bxc5 bxc5 24. d6+ e6 25. Nc7 Rb8 26. Qxe6+ Qxe6 27. Nxe6
Rf6 28. Nxg7 fxe4 29. fxe4 Kxg7 30. Rxc5 Rxd6 31. Ra2 Kf6 32. Kf2 Rd4 33. a4
Rbd8 34. Rcc2 Rxe4 35. a5 Ra8 36. Rc7 Ra6 37. Rxh7 Rf4+ 38. Ke2 Rg4 39. Kd3 Rb4
40. h4 Rb5 41. Rf2+ Ke6 42. h5 Rbxa5 1/2-1/2

[Event "Panamericano por Equipos 2009"]
[Site "Mendes BRA"]
[Date "2009.08.13"]
[Round "5.33"]
[White "Montes De Oca, Alexis"]
[Black "Sequera Paolini, Jose"]
[Result "1/2-1/2"]
[WhiteElo "2278"]
[BlackElo "2398"]
[PlyCount "81"]
[EventDate "2009.08.09"]
[EventType "team"]
[EventRounds "5"]
[EventCountry "BRA"]
[Source "lmi"]
[SourceDate "2009.08.09"]

1. e4 e6 2. d4 d5 3. Nc3 Bb4 4. Nge2 dxe4 5. a3 Be7 6. Nxe4 b6 7. N2g3 Bb7 8.
Bb5+ Bc6 9. Qd3 Nf6 10. Be3 O-O 11. Bxc6 Nxc6 12. O-O Nxe4 13. Qxe4 Qd7 14. Ne2
Rad8 15. Rad1 Na5 16. Nc3 c6 17. Qd3 b5 18. a4 Nc4 19. Bc1 a6 20. b3 Nd6 21.
axb5 axb5 22. Ba3 Nf5 23. Bxe7 Qxe7 24. Qe4 Rd6 25. d5 Qf6 26. dxe6 Rxe6 27.
Qf3 Rfe8 28. g4 Nh4 29. Qxf6 gxf6 30. Rd3 b4 31. Nd1 Re2 32. Rh3 Ng6 33. Re3
Nf4 34. Rxe8+ Rxe8 35. Ne3 Ne2+ 36. Kg2 Nd4 37. Ra1 Kg7 38. Ra4 c5 39. Ra7 Re5
40. Rc7 h5 41. gxh5 1/2-1/2

[Event "Panamericano por Equipos 2009"]
[Site "Mendes BRA"]
[Date "2009.08.13"]
[Round "5.34"]
[White "Boada, Wiston"]
[Black "Subervi, Jonathan"]
[Result "1-0"]
[WhiteElo "2252"]
[BlackElo "2227"]
[PlyCount "109"]
[EventDate "2009.08.09"]
[EventType "team"]
[EventRounds "5"]
[EventCountry "BRA"]
[Source "lmi"]
[SourceDate "2009.08.09"]

1. e4 e5 2. Nf3 Nc6 3. Nc3 Nf6 4. g3 Bc5 5. Bg2 d6 6. h3 h6 7. d3 a6 8. O-O Be6
9. Be3 Bxe3 10. fxe3 Ne7 11. Nh4 c6 12. d4 Qb6 13. Qd2 O-O-O 14. d5 cxd5 15.
exd5 Bd7 16. Kh2 Rhf8 17. e4 Kb8 18. Nd1 Rc8 19. c3 Nfxd5 20. exd5 g5 21. Nf3
f5 22. Re1 Ng6 23. Qd3 Qc7 24. Nd2 h5 25. Nf2 Rh8 26. Nf1 Rcg8 27. Kg1 Qb6 28.
Qe3 Qd8 29. c4 g4 30. Qa3 Qf8 31. c5 gxh3 32. Nxh3 h4 33. c6 Bc8 34. Ne3 hxg3
35. c7+ Kxc7 36. Rac1+ Kb8 37. Nc4 Rxh3 38. Bxh3 Nf4 39. Bg2 Bd7 40. Rc3 Nxg2
41. Kxg2 f4 42. Qxd6+ Qxd6 43. Nxd6 Rg5 44. Rh1 Rg6 45. Rh8+ Ka7 46. Nc4 Rg5
47. Nd2 Bf5 48. Rh4 Bd7 49. Ne4 Rg6 50. Rh5 Bg4 51. Rg5 Rh6 52. Rxg4 Rh2+ 53.
Kf3 Rxb2 54. d6 Rf2+ 55. Nxf2 1-0